Score 0/13 Timer 03:00
2 Plays Today
Hint Answer % Correct
REBABear
96.5%
CEIRRice
94.6%
SEONNose
94.6%
NEOSTStone
91.9%
SEMJAJames
91.7%
NIUREVSTIYUniversity
81.2%
ADERBBread
79.5%
KIECJAJackie
77.6%
RASGUSugar
65.1%
IECAHRLCharlie
60.5%
RETSBUBuster
59.1%
Word in common with all of the above:Brown
48.8%
DNALCLVEECleveland
47.4%
Remove Ads.
Support Sporcle.
Get the best of Sporcle when you Go Orange. This ad-free experience offers more features, more stats, and more fun while also helping to support Sporcle. Thank you for becoming a member.

You're not logged in!

Compare scores with friends on all Sporcle quizzes.
OR
Log In

Show Comments

Extras

Top Quizzes Today


Score Distribution

Your Account Isn't Verified!

In order to create a playlist on Sporcle, you need to verify the email address you used during registration. Go to your Sporcle Settings to finish the process.

Report this User

Report this user for behavior that violates our Community Guidelines.

Details: